| 000 | 00629nam a2200229 a 4500 | ||
|---|---|---|---|
| 005 | 20140310183515.0 | ||
| 008 | 110105s19uu xx 00 eng d | ||
| 020 | _a9780759113244 | ||
| 050 |
_aLB 1125 _b.An567 2010 |
||
| 245 | _aThe Anthropology of learning in childhood / | ||
| 260 |
_aNew York : _bAltaMira Press, _c2010. |
||
| 300 |
_a483 p. : _bill. ; _c24 cm. |
||
| 521 | _aEDU | ||
| 650 | _aEducational Anthropology. | ||
| 650 | _aChild development. | ||
| 650 | _aLearning. | ||
| 700 | _aedited by: David Lancy | ||
| 700 | _aJohn Bock | ||
| 700 | _aSuzanne Gaskins | ||
| 942 |
_cBK _2lcc _kFOR |
||
| 999 |
_c24265 _d24265 |
||